Dictionnaire : Tous les mots commençant par W - Statistiques

Statistiques générales
  • Ce quiz a été pris 397 fois
  • Le résultat moyen est 10 sur 99
Statistiques - réponses
Début du mot (indice) Mot % Correct
w W
100%
wa Wagon
91%
wa Wapiti
48%
we Week-end
43%
wa Watt
37%
wa Wagonnet
33%
wa Wallon
28%
wo Wok
28%
wo Won
28%
wh Whisky
24%
wi Wifi
24%
wa Wallaby
22%
wa Wasabi
22%
wa Wali
20%
we Web
20%
wi Wiki
19%
wo Wombat
17%
wh Whist
16%
wr Wrap
16%
wa Wax
14%
we Western
14%
wa Wagon-lit
13%
wh Whig
13%
wa Waterpolo
12%
wa Waouh
11%
wa Wagon-bar
10%
wa Walé
10%
wa Wattheure
9%
wa Walkman
8%
wh Whip
8%
wh Whiskey
8%
wo Wolof
8%
wa Wagon-restaurant
7%
wa Warning
7%
wa Wassingue
7%
we Webcam
7%
we Weber
7%
wh Wharf
7%
wi Winch
7%
wi Wisigoth
7%
wa Wagon-citerne
6%
wa Warrant
6%
wa Wasp
6%
wa Waterproof
6%
wi Winchester
6%
wa Wakamé
5%
wa Walkyrie
5%
wa Waters
5%
wa Wattmètre
5%
we Webdesign
5%
we Webinaire
5%
wh White-spirit
5%
wu Würm
5%
wa Wagage
4%
wa Wagnérien
4%
wa Wahhabisme
4%
wa Wahhabite
4%
wa Wakeboard
4%
wa Waterzoï
4%
wa Wattman
4%
we Webdesigner
4%
we Wengé
4%
wi Widget
4%
wi Williams
4%
wi Windsurf
4%
wa Wading
3%
wa Wallonisme
3%
we Webmestre
3%
we Wech
3%
we Welter
3%
wo Wolfram
3%
wa Wagon-tombereau
2%
wa Wagon-trémie
2%
wa Wallingant
2%
wa Wargame
2%
wa Warrantage
2%
wa Warranter
2%
wa Washingtonia
2%
wa Water-ballast
2%
wa Watergang
2%
wa Wateringue
2%
we Webzine
2%
we Wellingtonia
2%
we Weltanschauung
2%
we Wergeld
2%
wh Whipcord
2%
wi Wilaya
2%
wi Wingsuit
2%
wi Wishbone
2%
wo Wormien
2%
wu Würmien
2%
wy Wyandotte
2%
wa Wallowing
1%
wi Wigvam
1%
wi Winstub
1%
wi Wintergreen
1%
wi Witloof
1%
wo Woofer
1%
wo World music
1%
Aucun quiz correspondant
Distribution des résultats
% des personnes avec chaque résultat
Percentile par nombre de réponses
Votre historique - résultats
Vous n’avez pas pris ce quiz